ბათუმის შოთა რუსთაველის სახელმწიფო უნივერსიტეტის ბიბლიოთეკა

Политика и политики "Золотого века" римской республики : (ბიბ.ჩანაწერი № 61487)

000 -LEADER
fixed length control field 00741nam a22001577a 4500
005 - DATE AND TIME OF LATEST TRANSACTION
control field 20240319143343.0
008 - FIXED-LENGTH DATA ELEMENTS--GENERAL INFORMATION
fixed length control field 240319s1986 ru ||||| |||| 00| 0 rus d
041 ## - LANGUAGE CODE
Language code of text/sound track or separate title rus
080 ## - UNIVERSAL DECIMAL CLASSIFICATION NUMBER
Universal Decimal Classification number 93(7) T-80
100 ## - MAIN ENTRY--PERSONAL NAME
Personal name Трухина, Н.Н.
9 (RLIN) 21470
245 ## - TITLE STATEMENT
Title Политика и политики "Золотого века" римской республики :
Remainder of title (II в. до н. э.) /
Statement of responsibility, etc. Н. Н. Трухина.
264 ## - PRODUCTION, PUBLICATION, DISTRIBUTION, MANUFACTURE, AND COPYRIGHT NOTICE
Place of production, publication, distribution, manufacture Москва :
Name of producer, publisher, distributor, manufacturer Издательство Московского университета,
Date of production, publication, distribution, manufacture, or copyright notice 1986.
300 ## - PHYSICAL DESCRIPTION
Extent 184 c.;
Other physical details 24 cm.
653 ## - INDEX TERM--UNCONTROLLED
keyword რომის რესპუბლიკის „ოქროს ხანის“ პოლიტიკა და პოლიტიკოსები
942 ## - ADDED ENTRY ELEMENTS (KOHA)
Source of classification or shelving scheme
Koha item type წიგნი
ეგზემპლარები
Withdrawn status Lost status Source of classification or shelving scheme Damaged status Not for loan Permanent Location Current Location Shelving location Date acquired Cost, normal purchase price Full call number Barcode Date last seen Copy number Uniform Resource Identifier Price effective from Koha item type Public note
          ბათუმის შოთა რუსთაველის სახელმწიფო უნივერსიტეტის მთავარი ბიბლიოთეკა ბათუმის შოთა რუსთაველის სახელმწიფო უნივერსიტეტის მთავარი ბიბლიოთეკა წიგნსაცავი 2024-03-19 5.00 93(7) T-80 65773 2024-03-19 65773 ბსუ-ს საპატიო დოქტორის გურამ ლორთქიფანიძის საჩუქარი 2024-03-19 წიგნი 5 ლ.